00369 2200145 4500245005100000020001800051250001100069100002800080650001700108005001900125260004300144041001400187084001300201336000900214 aShibatora Vol 6cYuma Ando/Masashi AsakihText a9786020259949 aCet. 1 aYuma Ando/Masashi Asaki aKomik Jepang a20240903091351 aJakartabPT Elex Media Komputidoc2008 aIndonesia a741.5592 atext